000 00694nam a2200181Ia 4500
008 090630s9999 xx 000 0 und d
082 _b12819
100 _aसौ. वर्तक उषा.
245 _aसेंट फ्रँसिस आणि लांडगा.
_cसौ. वर्तक उषा.
260 _bतुषार - पुणे.
300 _a16
600 _aसौ. वर्तक उषा.
630 _aसेंट फ्रँसिस आणि लांडगा.
655 _aबालवाङमय.
700 _aसौ. वर्तक उषा.
730 _aसेंट फ्रँसिस आणि लांडगा.
942 _cBOOK
999 _c264675
_d264675